Normal view
MARC view
Entry Personal Name
001 - CONTROL NUMBER
- control field: 84696
003 - CONTROL NUMBER IDENTIFIER
- control field: dpl
005 - DATE AND TIME OF LATEST TRANSACTION
- control field: 20250904111334.0
008 - FIXED-LENGTH DATA ELEMENTS
- fixed length control field: 250904|| aca||aabn | a|a d
040 ## - CATALOGING SOURCE
- Original cataloging agency: dpl
- Transcribing agency: dpl
100 ## - HEADING--PERSONAL NAME
- Personal name: Anuradha, S
670 ## - SOURCE DATA FOUND
- Source citation: Work cat.: (dpl)213314: Anuradha, S, Critical Edition And Study of Amrtasiddhiyoga of Virupaksa , 2025
